000 00499nam a2200169 4500
001 131658
003 ES-MaACL
005 20230906194024.0
007 t|
008 070214s1970 sp r ||||1| spa d
100 1 _aRodríguez Jiménez, Juan.
_998589
245 1 4 _aLos controles en la fabricación del papel /
_cJuan Rodríguez Jiménez.
250 _a1ª ed.
260 _aMadrid [etc.] :
_bBlume,
_c1970.
300 _a359 p., lám. :
_bil. ;
_c25 cm.
852 _aES-MaACL
_jC-41761
_bR.74528
999 _c131658
_d131658